Por la mirada del espantapájaros pasa el mundo
Salvato in:
| Autore principale: | |
|---|---|
| Natura: | Libro |
| Lingua: | Spanish |
| Pubblicazione: |
San José, Costa Rica
Antanaclasis, Editores, S. A.
2018
|
| Soggetti: | |
| Tags: |
Aggiungi Tag
Nessun Tag, puoi essere il primo ad aggiungerne!!
|
MARC
| LEADER | 00000nam a22000007a 4500 | ||
|---|---|---|---|
| 008 | 181102b xxu||||| |||| 00| 0 spa d | ||
| 999 | |c 30628 |d 30628 | ||
| 020 | |a 978-9930-9596-3-3 | ||
| 040 | |a cru BVZT | ||
| 090 | |a 868 R-1.3m | ||
| 100 | |a Ramírez Briceño, Édgar Roy | ||
| 245 | |a Por la mirada del espantapájaros pasa el mundo |c Édgar Roy Ramírez Briceño ; Adolfo Siliézar, ilustrador | ||
| 260 | |a San José, Costa Rica |b Antanaclasis, Editores, S. A. |c 2018 | ||
| 300 | |a 134 páginas | ||
| 630 | |l Español | ||
| 650 | 0 | |9 17 |a LITERATURA COSTARRICENSE | |
| 650 | 0 | |9 18 |a POESÍA | |
| 942 | |c LIB |h 868 R-1.3m |2 z | ||



